000 00789nam0a22002411 4500
001 rc\529516
005 20260406073842.0
035 _a(NLR Aleph) 005767625
090 _a5001453
_c5001453
100 _a20030616d1988 |||y0rusy50 ca
101 0 _arus
102 _aRU
105 _ay |||||||||
200 1 _aСон в начале тумана
_e[Роман]
_fЮ. Рытхэу
210 _aМагадан
_cКн. изд-во
_d1988
215 _a502, [2] с.
_d21
300 _aПеред вып. дан. авт.: Юрий Сергеевич Рытхэу
700 1 _8rus
_7ca
_aРытхэу
_bЮ. С.
_gЮрий Сергеевич
_f1930-2008
_3RU\NLR\auth\7732366
_915374
801 0 _aRU
_bNLR
_gpsbo
801 1 _aRU
_bELAR
_2rusmarc
852 _aNLR
_j88-3/6265
942 _cBOOK
980 _aNB